000 00941nam a2200229 i 4500
001 163868
003 ES-MaACL
005 20250808232907.0
008 050720s1901 sp |||| | spa d
040 _aCAM
_bspa
_cCAM
080 _a347.674.1
100 1 _aRojals, José María.
_9131997
245 1 0 _aInstitución de heredero
_b: examen de este principio por derecho romano y patrio, consecuencia de la reforma introducida por la ley 1ª, título XIX del Ordenamiento de Alcalá /
_c[José María Rafels].
260 _aMadrid :
_b[s.n.],
_c1901 (
_fEst. Tip. de G. Juste)
300 _a56 p. ;
_c23 cm.
594 _aDatos tomados de cub.
594 _aAutor tomado de final del texto.
650 7 _aHerencias y sucesiones-
_zEspaña
_2
_9162042
650 4 _aInstitución de heredero.
_9162719
852 _aES-MaACL
_jT-978-F-9
_z- Enc. hol., conservando la cub. original
_z- Enc. en un vol. facticio
999 _c163868
_d163868